| 000 | 00785aam a2200289 4500 | ||
|---|---|---|---|
| 005 | 20260303174601.0 | ||
| 008 | 150224b1995 xxu||||| |||| 00| 0 eng d | ||
| 041 | _aESP | ||
| 082 | _a001.42 B837t | ||
| 100 | _aBrenes Chacón, Albam | ||
| 245 | _aLos trabajos finales de graduación su elaboración y presentación en las ciencias sociales | ||
| 260 | _aCosta Rica | ||
| 260 | _bEUNED | ||
| 260 | _c1995 | ||
| 300 | _a320 páginas | ||
| 490 | _aTemática General | ||
| 650 | _aMÉTODOS DE INVESTIGACIÓN | ||
| 650 | _aINVESTIGACIÓN | ||
| 650 | _aMETODOLOGÍA | ||
| 650 | _aCIENCIAS SOCIALES | ||
| 650 | _aTESIS | ||
| 650 | _aTRABAJO FINAL DE GRADUACIÓN | ||
| 650 | _aPROCEDIMIENTO METODOLÓGICO | ||
| 650 | _aPROYECTO | ||
| 650 | _aESQUEMA | ||
| 942 |
_cBK _2ddc |
||
| 999 |
_c3362 _d3362 |
||